000 00834nas a2200301 4500
001 BR0903385
003 BR-BrBNA
005 20231205114123.0
007 ta
008 230509b bl.|||p| |||| 00| 00por d
040 _aBR-BrBNA
_bpor
_cBiblioteca Nacional de Agricultura
041 _a(Pt)
072 _aF01
100 1 _aElpo, E.R.S.
100 1 _aNegrelle, R.R.B.
100 1 _aRücker, N.G.de A.
245 1 _aProdução de gengibre no município de Morretes, PR
650 _aGENGIBRE
650 _aZINGIBER OFFICINALE
650 _aPRODUÇAÕ
650 _aPRÁTICA CULTURAL
650 _aRIZOMA
650 _aMORRETES
650 _aPARANÁ
773 0 _tScientia Agraria (Brazil)
_xISSN 1519-1125
_g(2008), v. 9(2) p. 211-217
_wBR0903385
909 _a202311
_bLúcia
_c55
_dLúcia Elande
942 _2AGRIS
_n0
_cANA
999 _c207165
_d207165